000 00337nam a2200133Ia 4500
008 100328s9999 xx 000 0 und d
082 _b64849
100 _aनाईक गुरुनाथ.
245 _aकाटशह.
260 _bशिवमे.
630 _aकाटशह.
730 _aकाटशह.
942 _cBOOK
999 _c550606
_d550603